Development of tapping machine / (Record no. 5348)

MARC details
000 -LEADER
fixed length control field 01255nam a22003017a 4500
003 - CONTROL NUMBER IDENTIFIER
control field OSt
005 - DATE AND TIME OF LATEST TRANSACTION
control field 20260505001928.0
008 - FIXED-LENGTH DATA ELEMENTS--GENERAL INFORMATION
fixed length control field 260505b |||||||| |||| 00| 0 eng d
040 ## - CATALOGING SOURCE
Language of cataloging English.
Transcribing agency CvSU-CCAT Campus Library.
Description conventions rda.
050 ## - LIBRARY OF CONGRESS CALL NUMBER
Classification number UM TJ 1245
Item number M65 2016
100 ## - MAIN ENTRY--PERSONAL NAME
Personal name Mojica, Chris Darrell M., author.
9 (RLIN) 21274
245 ## - TITLE STATEMENT
Title Development of tapping machine /
Statement of responsibility, etc. Chris Darrell M. Mojica, Marlon B. Sadiwa, Ashlie C. Sales.
260 ## - PUBLICATION, DISTRIBUTION, ETC.
Place of publication, distribution, etc. Rosario, Cavite :
Name of publisher, distributor, etc. Cavite State University-CCAT Campus,
Date of publication, distribution, etc. 2016
300 ## - PHYSICAL DESCRIPTION
Extent ii, 49 leaves :
Other physical details illustrations ;
Dimensions 28 cm
500 ## - GENERAL NOTE
General note Design Project (BSIT)--Cavite State University-CCAT Campus, 2016.
504 ## - BIBLIOGRAPHY, ETC. NOTE
Bibliography, etc. note Includes bibliographical references and appendices.
546 ## - LANGUAGE NOTE
Language note In English text
650 ## - SUBJECT ADDED ENTRY--TOPICAL TERM
Topical term or geographic name entry element Machine tools
General subdivision Design and construction
9 (RLIN) 5737
650 ## - SUBJECT ADDED ENTRY--TOPICAL TERM
Topical term or geographic name entry element Tapping machines
9 (RLIN) 21275
650 ## - SUBJECT ADDED ENTRY--TOPICAL TERM
Topical term or geographic name entry element Metal-cutting machinery
9 (RLIN) 21276
650 ## - SUBJECT ADDED ENTRY--TOPICAL TERM
Topical term or geographic name entry element Mechanical Technology
General subdivision Projects
9 (RLIN) 21277
700 ## - ADDED ENTRY--PERSONAL NAME
Personal name Sadiwa, Marlon B., author.
9 (RLIN) 21278
700 ## - ADDED ENTRY--PERSONAL NAME
Personal name Sales, Ashlie C., author.
9 (RLIN) 21279
700 ## - ADDED ENTRY--PERSONAL NAME
Personal name Alvarez, Nestor M., adviser.
9 (RLIN) 5915
700 ## - ADDED ENTRY--PERSONAL NAME
Personal name Lubong, Rodel B., technical critic
9 (RLIN) 6314
942 ## - ADDED ENTRY ELEMENTS (KOHA)
Source of classification or shelving scheme Library of Congress Classification
Koha item type Thesis/Manuscripts/Dissertations
Classification part TJ 1245
Item part M65 2016
Call number prefix UM
Holdings
Withdrawn status Lost status Source of classification or shelving scheme Damaged status Not for loan Collection code Home library Current library Shelving location Date acquired Coded location qualifier Total Checkouts Full call number Barcode Date last seen Copy number Price effective from Koha item type
    Library of Congress Classification     Thesis/Manuscript/Dissertation Cavite State University - CCAT Campus Cavite State University - CCAT Campus TH 09/14/2016 UM   UM TJ 1245 M65 2016 T0002899 05/05/2026 1 copy 05/05/2026 Thesis/Manuscripts/Dissertations